000 00305nam a2200109Ia 4500
008 200302s9999 xx 000 0 und d
100 _aSandeep Mantri
245 _aPractical Building Construction and Its Management
260 _bMantri Projects & Consultancy Pvt. Ltd.
260 _c2001
300 _a665 P.,
999 _c1346
_d1346